000 00575nam a2200193Ia 4500
001 19381
003 GE_BSU
008 181216s||||||||xx |||||||||||||| ||und||
040 _cGE_BSU
245 _aგადასახადები. დამატება #1. 2016
260 _aთბილისი
260 _c2016
300 _aდისკი
653 _aგადასახადები დამატება #1. 2016
653 _aდისკი
653 _aელ. ჟურნალი
653 _aპერიოდიკა
942 _cCF
999 _c52361
_d52361